000 00838nam a22001937a 4500
999 _c62727
_d62727
003 Ge_BSU
005 20250131165327.0
008 250131s2016 ge ||||| |||| 00| 0 geo d
020 _a9789941095429
041 _ageo
080 _a94(=353.1)(560) : 27(=353.1)(560) ა-65
100 _aანდრიაძე, გიორგი
_921744
245 _aქართველი ფარული ქრისტიანები ოსმალეთში :
_b[მონოგრაფია] /
_cგიორგი ანდრიაძე.
264 _aთბილისი,
_c 2016.
300 _a120 გვ. :
_b რუკები ;
_c20 სმ.
653 _aქართველები თურქეთში
653 _aქართული ისტორიოგრაფია
942 _2udc
_cᲬᲘᲒᲜᲘ